Uluslararası hukuk ve politika. (Record no. 200041826)
[ view plain ]
| 000 -LEADER | |
|---|---|
| fixed length control field | 00848 a2200301 4500 |
| 001 - CONTROL NUMBER | |
| control field | 200041826 |
| 003 - CONTROL NUMBER IDENTIFIER | |
| control field | TR-AnTOB |
| 005 - DATE AND TIME OF LATEST TRANSACTION | |
| control field | 20190322122951.0 |
| 008 - FIXED-LENGTH DATA ELEMENTS--GENERAL INFORMATION | |
| fixed length control field | 160529d 9999tu qr0p 0 0 |
| 022 ## - INTERNATIONAL STANDARD SERIAL NUMBER | |
| International Standard Serial Number | 1305-5208 |
| 040 ## - CATALOGING SOURCE | |
| Original cataloging agency | TR-AnTOB |
| 041 ## - LANGUAGE CODE | |
| Language code of text/sound track or separate title | Türkçe |
| Language code of summary or abstract | eng |
| 050 #4 - LIBRARY OF CONGRESS CALL NUMBER | |
| Classification number | K10.T9 |
| 099 ## - LOCAL FREE-TEXT CALL NUMBER (OCLC) | |
| Classification number | JOURNAL - ULUS HU |
| 222 #0 - KEY TITLE | |
| Key title | Uluslararası hukuk ve politika |
| 245 00 - TITLE STATEMENT | |
| Title | Uluslararası hukuk ve politika. |
| 246 31 - VARYING FORM OF TITLE | |
| Title proper/short title | Review of International Law & Politics |
| 260 ## - PUBLICATION, DISTRIBUTION, ETC. | |
| Place of publication, distribution, etc. | Ankara : |
| Name of publisher, distributor, etc. | Uluslararası Stratejik Araştırmalar Kurumu, |
| Date of publication, distribution, etc. | 2005- |
| 300 ## - PHYSICAL DESCRIPTION | |
| Extent | volumes : |
| Other physical details | illustrations ; |
| Dimensions | 24 cm. |
| 310 ## - CURRENT PUBLICATION FREQUENCY | |
| Current publication frequency | Four issues a year. |
| 336 ## - CONTENT TYPE | |
| Content type term | text |
| Source | rdacontent |
| 337 ## - MEDIA TYPE | |
| Media type term | unmediated |
| Source | rdamedia |
| 338 ## - CARRIER TYPE | |
| Carrier type term | volume |
| Source | rdacarrier |
| 650 #0 - SUBJECT ADDED ENTRY--TOPICAL TERM | |
| Topical term or geographic name entry element | International law |
| Form subdivision | Periodicals |
| 9 (RLIN) | 72274 |
| 856 10 - ELECTRONIC LOCATION AND ACCESS | |
| Electronic name | www.usak.org.uk |
| 942 ## - ADDED ENTRY ELEMENTS (KOHA) | |
| Koha item type | Continuing Resource |
No items available.
